00530nam a22001817a 450000500170000001000150001702000270003203500140005903700140007308200100008710000210009724500760011825000140019426000430020827000460025130000310029770000200032820180710120408.0 aENG-123421 a9789387572973c1799.00 aEN-106953 bDBAD/PUB. a629.8 aFarid Golnaraghi00aAutomatic Control systems / bby Farid Golnaraghi [and] Benjamin C. Kuo a10th edn. aNew DelhibMcGraw Hill Educationc2018 aP-24, Green Park Extn.bNew Delhie110016 axiv,846p.c26cm(pbk)bill. aBenjamin C. Kuo